000 01172nam a22003377a 4500
003 CHAP
005 20220329140618.0
008 971013s1985 r 00010 d
010 _a54741
011 _a55713
035 _a59865
040 _cCHAP
090 _aTesis
100 0 0 _aWilliams, David Edison.
_9122042
245 _aTres arvenses solanaceas comestibles y su proceso de domesticación en el estado de Tlaxcala, México
260 _aChapingo, Méx. :
_bEl autor,
_c1985
300 _a173 h.
_b: ilus. ; 6 mapas ; gráfs.
502 _aTesis (M.C. Esp. en Botánica) -- Colegio de Postgraduados. Centro de Botánica
590 _aALEPH
_b10
_c20130110
_lUCH01
_h1332
590 _aBATCH-UPD
_b10
_c20130110
_lUCH01
_h0741
590 _aBATCH-UPD
_b10
_c20130110
_lUCH01
_h2347
590 _aCONVERSION
_b10
_c20130109
_lUCH01
_h1330
650 1 4 _aJaltomata procumbens.
_960985
650 1 4 _aSolanum mozinianum.
_9108363
650 1 4 _aTomate verde.
_9113796
901 _aBK
942 _cFOLL
949 _bBC
_cTES
_d-129290
_eTS1
_i59865
_si
949 _bBC
_cTES
_d33724000598496
_eTS2
_fc.2
_i59865
_si
949 _bBC
_cTES
_d33724000598504
_eTS2
_fc.3
_i59865
_si
999 _c54741
_d54741